<?xml version="1.0" encoding="UTF-8"?>
<record
    xmlns:xsi="http://www.w3.org/2001/XMLSchema-instance"
    xsi:schemaLocation="http://www.loc.gov/MARC21/slim http://www.loc.gov/standards/marcxml/schema/MARC21slim.xsd"
    xmlns="http://www.loc.gov/MARC21/slim">

  <leader>02596nam a2200325 a 4500</leader>
  <controlfield tag="003">OSt</controlfield>
  <controlfield tag="005">20240408090801.0</controlfield>
  <controlfield tag="008">240405s2023    us a|||| |||| 001 0 spa d</controlfield>
  <datafield tag="020" ind1=" " ind2=" ">
    <subfield code="a">[9798392093619]</subfield>
  </datafield>
  <datafield tag="040" ind1=" " ind2=" ">
    <subfield code="c">CHAP</subfield>
    <subfield code="e">rda</subfield>
  </datafield>
  <datafield tag="082" ind1="0" ind2="0">
    <subfield code="2">22</subfield>
    <subfield code="a">674.02</subfield>
    <subfield code="b">L76</subfield>
  </datafield>
  <datafield tag="100" ind1="1" ind2=" ">
    <subfield code="9">67049</subfield>
    <subfield code="a">Lira Gonz&#xE1;lez, Diego Ernesto</subfield>
  </datafield>
  <datafield tag="245" ind1="1" ind2="0">
    <subfield code="a">T&#xE9;cnicas y pr&#xE1;cticas para el mejoramiento del coeficiente de aserr&#xED;o :</subfield>
    <subfield code="b">manual operativo /</subfield>
    <subfield code="c">por Diego Ernesto Lira Gonz&#xE1;lez, David Garc&#xED;a Cintora y Walter Daniel Maza Ochoa.</subfield>
  </datafield>
  <datafield tag="250" ind1=" " ind2=" ">
    <subfield code="a">Primera edici&#xF3;n.</subfield>
  </datafield>
  <datafield tag="264" ind1=" " ind2="1">
    <subfield code="a">[Columbia, SC. Estados Unidos] :</subfield>
    <subfield code="b">GFA Consulting Group GmbH :</subfield>
    <subfield code="b">FIRA,</subfield>
    <subfield code="c">2023.</subfield>
  </datafield>
  <datafield tag="300" ind1=" " ind2=" ">
    <subfield code="a">x, 190 p&#xE1;ginas:</subfield>
    <subfield code="b">cuadros, figuras.</subfield>
  </datafield>
  <datafield tag="336" ind1=" " ind2=" ">
    <subfield code="2">rdacontent</subfield>
    <subfield code="a">texto</subfield>
    <subfield code="b">txt</subfield>
  </datafield>
  <datafield tag="337" ind1=" " ind2=" ">
    <subfield code="2">rdamedia</subfield>
    <subfield code="a">sin medio</subfield>
    <subfield code="b">n</subfield>
  </datafield>
  <datafield tag="338" ind1=" " ind2=" ">
    <subfield code="2">rdacarrier</subfield>
    <subfield code="a">volumen</subfield>
    <subfield code="b">nc</subfield>
  </datafield>
  <datafield tag="504" ind1=" " ind2=" ">
    <subfield code="a">Incluye referencias bibliogr&#xE1;ficas p&#xE1;ginas : 166-171.</subfield>
  </datafield>
  <datafield tag="520" ind1=" " ind2=" ">
    <subfield code="a">T&#xE9;cnicas y pr&#xE1;cticas para el mejoramiento del coeficiente de aserr&#xED;o es un manual especializado y dise&#xF1;ado para ayudar a las empresas de transformac&#xF3;n maderable a mejorar su eficiencia y productividad en la industria del aserr&#xED;o. Este compendio ofrece una gu&#xED;a paso a paso sobre los diferentes tipos de coeficientes de aserr&#xED;o, destacando su importancia y proporcionando las mejores pr&#xE1;cticas para su implementac&#xF3;n. Desde el an&#xE1;lisis de las t&#xE9;cnicas de cubicaci&#xF3;n hasta la determinaci&#xF3;n del tama&#xF1;o de muestra adecuada, el manual brinda herramientas pr&#xE1;cticas para  cuantificar la madera y evitar posibles errores en el oroceso de aserr&#xED;o. Ademas se hace &#xE9;nfasis en la recopilaci&#xF3;n y precisa de informaci&#xF3;n y se promueve pr&#xE1;cticas responsables en el uso de los recursos forestales maderables. Al dominar las t&#xE9;cnicas y conceptos presentados en este manual, los productores de madera aserrada podr&#xE1;n tomar decisiones informadas que impacten positivamente en la competitividad y sostenibilidad de sus operaciones, estableciendo un sistema de monitoreo y control que cumpla con la normatividad vigente en el pa&#xED;s. Este manual se convierte en una herramienta indispensable para aquellos que buscan mejorar su desempe&#xF1;o en la industria del aserr&#xED;o y obtener ventajas competitivas en un entorno desafiante.</subfield>
  </datafield>
  <datafield tag="650" ind1=" " ind2="4">
    <subfield code="9">69628</subfield>
    <subfield code="a">Madera</subfield>
    <subfield code="x">Tablas de utilizaci&#xF3;n</subfield>
  </datafield>
  <datafield tag="650" ind1=" " ind2="7">
    <subfield code="9">69599</subfield>
    <subfield code="a">Madera</subfield>
    <subfield code="x">Cubicaci&#xF3;n</subfield>
  </datafield>
  <datafield tag="650" ind1=" " ind2="4">
    <subfield code="9">132126</subfield>
    <subfield code="a">Madera</subfield>
    <subfield code="x">Corte</subfield>
    <subfield code="x">Evaluaci&#xF3;n</subfield>
  </datafield>
  <datafield tag="650" ind1=" " ind2="4">
    <subfield code="9">131461</subfield>
    <subfield code="a">Aserraderos</subfield>
    <subfield code="x">Control de calidad</subfield>
  </datafield>
  <datafield tag="650" ind1=" " ind2="4">
    <subfield code="9">71216</subfield>
    <subfield code="a">Maquinaria forestal</subfield>
    <subfield code="x">Medidas de seguridad</subfield>
  </datafield>
  <datafield tag="700" ind1="1" ind2=" ">
    <subfield code="9">45867</subfield>
    <subfield code="a">Garc&#xED;a C&#xED;ntora, David</subfield>
  </datafield>
  <datafield tag="700" ind1="1" ind2=" ">
    <subfield code="9">188922</subfield>
    <subfield code="a">Maza Ochoa, Walter Daniel</subfield>
  </datafield>
  <datafield tag="942" ind1=" " ind2=" ">
    <subfield code="2">ddc</subfield>
    <subfield code="c">LIBRO</subfield>
  </datafield>
  <datafield tag="999" ind1=" " ind2=" ">
    <subfield code="c">219835</subfield>
    <subfield code="d">219835</subfield>
  </datafield>
  <datafield tag="952" ind1=" " ind2=" ">
    <subfield code="0">0</subfield>
    <subfield code="1">0</subfield>
    <subfield code="2">ddc</subfield>
    <subfield code="4">0</subfield>
    <subfield code="5">2</subfield>
    <subfield code="7">0</subfield>
    <subfield code="8">GRAL</subfield>
    <subfield code="a">BC</subfield>
    <subfield code="b">BC</subfield>
    <subfield code="c">PP_GRAL</subfield>
    <subfield code="d">2024-04-05</subfield>
    <subfield code="l">1</subfield>
    <subfield code="m">1</subfield>
    <subfield code="o">674.02 L76</subfield>
    <subfield code="p">33724002585254</subfield>
    <subfield code="r">2024-09-30 15:20:22</subfield>
    <subfield code="s">2024-08-27</subfield>
    <subfield code="w">2024-04-05</subfield>
    <subfield code="y">LIBRO</subfield>
  </datafield>
</record>
